000 00331nam a2200133Ia 4500
008 240624s9999 xx 000 0 und d
041 _aeng
082 _a658.3 RAO
100 _aRAO T V
245 _a100 MANAGERS IN ACTION
260 _c2012
_aNew Delhi
_bTata McGraw-Hill
300 _axv, : 392 : p. : cm. ; 6
365 _cRS
_b33
999 _c26177
_d26177